Los gremios mexicanos (Record no. 7336)

MARC details
000 -CABECERA
campo de control de longitud fija 00875nam a2200253 a 4500
001 - NÚMERO DE CONTROL
campo de control BRCA_7662
005 - FECHA Y HORA DE LA ÚLTIMA TRANSACCIÓN
campo de control 20190320205932.0
008 - DATOS DE LONGITUD FIJA--INFORMACIÓN GENERAL
campo de control de longitud fija 260713s1954----mx-a######---#000-0#spa-#
041 ## - CÓDIGO DE LENGUA
Código de lengua del texto/banda sonora o título independiente spa
044 ## - CÓDIGO DEL PAÍS DE LA ENTIDAD EDITORA/PRODUCTORA
Código MARC del país mx
050 #4 - SIGNATURA TOPOGRÁFICA DE LA BIBLIOTECA DEL CONGRESO
Número de clasificación HD6473
Número de documento/Ítem .C37 1954
100 1# - ENTRADA PRINCIPAL--NOMBRE DE PERSONA
Nombre de persona Carrera Stampa, Manuel
9 (RLIN) 18900
245 10 - MENCIÓN DE TÍTULO
Título Los gremios mexicanos
Resto del título la organización gremial en Nueva España 1521-1861
Mención de responsabilidad, etc. Manuel Carrera Stampa ; prólogo de Rafael Altamira.
260 ## - PUBLICACIÓN, DISTRIBUCIÓN, ETC.
Lugar de publicación, distribución, etc. México
Nombre del editor, distribuidor, etc. Ediapsa
Fecha de publicación, distribución, etc. 1954
300 ## - DESCRIPCIÓN FÍSICA
Extensión xii, 399 p.
Otras características físicas il., 12 láminas
Dimensiones 23 cm.
440 #0 - MENCIÓN DE SERIE/PUNTO DE ACCESO ADICIONAL--TÍTULO
Título Estudios histórico-económicos mexicanos de la Cámara Nacional de la Industria de la Transformación
Número de parte o sección de la obra 1
9 (RLIN) 18901
500 ## - NOTA GENERAL
Nota general T82
650 14 - PUNTO DE ACCESO ADICIONAL DE MATERIA--TÉRMINO DE MATERIA
Término de materia o nombre geográfico como elemento de entrada Gremios
Subdivisión geográfica México
9 (RLIN) 18902
650 14 - PUNTO DE ACCESO ADICIONAL DE MATERIA--TÉRMINO DE MATERIA
Término de materia o nombre geográfico como elemento de entrada Historia
Subdivisión geográfica México
9 (RLIN) 10416
650 14 - PUNTO DE ACCESO ADICIONAL DE MATERIA--TÉRMINO DE MATERIA
Término de materia o nombre geográfico como elemento de entrada Gremios
Subdivisión geográfica España
9 (RLIN) 18903
700 1# - PUNTO DE ACCESO ADICIONAL--NOMBRE DE PERSONA
Nombre de persona Altamira, Rafael
Término indicativo de función/relación pról.
9 (RLIN) 18904
902 ## - CATALOGADOR
Iniciales GFM
942 ## - ELEMENTOS DE PUNTO DE ACCESO ADICIONAL (KOHA)
Fuente del sistema de clasificación o colocación Library of Congress Classification
Tipo de ítem Koha Libros
Holdings
Estado de retiro Estado de pérdida Estado dañado No para préstamo Localización permanente Ubicación/localización actual Fecha de adquisición Número de inventario Total de préstamos Signatura topográfica completa Código de barras Fecha visto por última vez Precio válido a partir de Tipo de ítem Koha
El ejemplar forma parte de la colección y puede ser consultado según las políticas vigentes.       Biblioteca del Museo Franz Mayer (Rogerio Casas-Alatriste) Biblioteca del Museo Franz Mayer (Rogerio Casas-Alatriste) 25/07/2013 T82   HD6473 .C37 1954 (T82) 8270 22/03/2019 22/03/2019 Libros